Quiz Anime Personnages aux Cheveux Rouges - Statistiques

Statistiques générales
  • Ce quiz a été pris 129 fois
  • Le résultat moyen est 10 sur 16
Statistiques - réponses
Par images Réponse % Correct
Gaara
95%
Hisoka
95%
Shoto
93%
Tanjiro
91%
Shanks
88%
Erza
79%
Kushina
71%
Eijiro
66%
Karin
64%
Soma
55%
Belmer
48%
Taiga
40%
Renji
36%
Flare
19%
Madame Red
9%
Kallen
7%
Aucun quiz correspondant
Distribution des résultats
% des personnes avec chaque résultat
Percentile par nombre de réponses
Votre historique - résultats
Vous n’avez pas pris ce quiz